LEADER 00880nam0-22003011i-450- 001 990000512990403321 005 20070801155139.0 035 $a000051299 035 $aFED01000051299 035 $a(Aleph)000051299FED01 035 $a000051299 100 $a20020821d1965----km-y0itay50------ba 101 0 $aeng 105 $aa-------001yy 200 1 $aSystems and simulation$fDimitris N. Chorafas 210 $aNew York ; London$cAcademic Press$d1965 215 $a503 p.$cill.$d23 cm 225 1 $aMathematics in science and engineering$v14 610 0 $aAnalisi dei sistemi$aModelli matematici 676 $a621.392 700 1$aChorafas,$bDimitris N.$013219 801 0$aIT$bUNINA$gRICA$2UNIMARC 901 $aBK 912 $a990000512990403321 952 $a10 D III 527$b1073 CCE$fDINEL 959 $aDINEL 996 $aSystems and simulation$9330539 997 $aUNINA LEADER 00941nam2-2200289---450- 001 990009753320403321 005 20130723103233.0 035 $a000975332 035 $aFED01000975332 035 $a(Aleph)000975332FED01 035 $a000975332 100 $a20130723d1966----km-y0itay50------ba 101 0 $afre 102 $aFR 105 $aa-------001yy 200 1 $a<<4.3: L'>>origine des vertébrés, leur expansion dans les eaux douces et le milieu marin$eactinoptérygiens, crossoptérygiens, dipneustes 210 $aParis$cMasson & C.ie$d1966 215 $a440 p.$cill.$d25 cm 461 0$1001000975305$12001$aTraité de paléontologie$v04.3 610 0 $aPaleontologia 801 0$aIT$bUNINA$gRICA$2UNIMARC 901 $aBK 912 $a990009753320403321 952 $a05/25$b6857$fDINGE 959 $aDINGE 996 $aOrigine des vertébrés, leur expansion dans les eaux douces et le milieu marin$9834181 997 $aUNINA LEADER 01560nam 2200373 n 450 001 996389269303316 005 20221108023449.0 035 $a(CKB)1000000000643462 035 $a(EEBO)2240928925 035 $a(UnM)99871622 035 $a(EXLCZ)991000000000643462 100 $a19850904d1642 uy | 101 0 $aeng 135 $aurbn||||a|bb| 200 10$aCalebs integrity in following the Lord fully$b[electronic resource] $ein a sermon preached at St. Margarets Westminster, before the Honourable House of Commons, at their late solemne and publick fast, Novemb: 30th. 1642. By Richard Vines, Mr. of Arts of Magd. Colledge in Camb: and minister of the gospell at Weddington in the county of Warr 210 $aLondon $cPrinted by G. M. for Abel Roper, at the Signe of of [sic] the Sun against St. Dunstans Church in Fleete-streete$dM. DC. XLII. [1642] 215 $a[6], 37, [1] p 300 $aWith an order to print on verso of first leaf, dated 30 November 1642. 300 $aReproduction of the original in the British Library. 330 $aeebo-0018 606 $aFast-day sermons$y17th century 606 $aSermons, English$y17th century 615 0$aFast-day sermons 615 0$aSermons, English 700 $aVines$b Richard$f1600?-1656.$01001686 712 02$aEngland and Wales.$bParliament. 801 0$bCu-RivES 801 1$bCu-RivES 801 2$bCStRLIN 801 2$bWaOLN 906 $aBOOK 912 $a996389269303316 996 $aCalebs integrity in following the Lord fully$92325271 997 $aUNISA